00345nam a2200133Ia 4500008004100000041000800041082001400049100001600063245003900079250001400118260003800132300003000170365001100200240624s9999 xx 000 0 und d aeng a658.3 PAR aPAREEK UDAI aTRAINING INSTRUMENTS IN HRD AND OD a(3rd ed.) c2011aNew DelhibTata McGraw-Hill axv, : 843 : p. : cm. ; 25 cRSb30